| Tag |
First Indicator |
Second Indicator |
Subfields |
| LEADER |
00000pam a2200000 a 4500 |
| 001 |
in00001618708 |
| 005 |
20151023053355.0 |
| 008 |
000919s2001 ncu b 001 0 eng |
| 010 |
|
|
|a 00048433
|
| 020 |
|
|
|a 0822325527 (cloth : alk. paper)
|
| 020 |
|
|
|a 0822325713 (pbk. : alk. paper)
|
| 035 |
|
|
|a (OCoLC)ocm45086808
|
| 040 |
|
|
|a DLC
|c DLC
|d YDX
|d UtOrBLW
|
| 043 |
|
|
|a f-sa---
|
| 049 |
|
|
|a TXAM
|
| 050 |
0 |
0 |
|a PR9359.6
|b .O27 2001
|
| 082 |
0 |
0 |
|a 820.9/358/0968
|2 21
|
| 100 |
1 |
|
|a O'Brien, Anthony,
|d 1939-
|
| 245 |
1 |
0 |
|a Against normalization :
|b writing radical democracy in South Africa /
|c Anthony O'Brien.
|
| 264 |
|
1 |
|a Durham :
|b Duke University Press,
|c 2001.
|
| 300 |
|
|
|a xv, 333 pages ;
|c 24 cm.
|
| 336 |
|
|
|a text
|b txt
|2 rdacontent
|
| 337 |
|
|
|a unmediated
|b n
|2 rdamedia
|
| 338 |
|
|
|a volume
|b nc
|2 rdacarrier
|
| 490 |
1 |
|
|a Post-contemporary interventions
|
| 504 |
|
|
|a Includes bibliographical references (pages [299]-323) and index.
|
| 650 |
|
0 |
|a South African literature (English)
|x History and criticism.
|
| 650 |
|
0 |
|a Politics and literature
|z South Africa
|x History
|y 20th century.
|
| 650 |
|
0 |
|a Radicalism
|z South Africa
|x History
|y 20th century.
|
| 650 |
|
0 |
|a Democracy
|z South Africa
|x History
|y 20th century.
|
| 650 |
|
0 |
|a Radicalism in literature.
|
| 650 |
|
0 |
|a Democracy in literature.
|
| 651 |
|
0 |
|a South Africa
|x Politics and government
|y 1994-
|
| 830 |
|
0 |
|a Post-contemporary interventions.
|
| 945 |
|
|
|i PromptCat
|
| 948 |
|
|
|a cataloged
|b h
|c 2001/5/29
|d c
|e cmulkey
|f 9:32:39 am
|
| 994 |
|
|
|a 92
|b TXA
|
| 999 |
|
|
|a MARS
|
| 999 |
f |
f |
|s 53b7fd36-cd1d-3662-a5df-b45d762713f7
|i 1857b83e-2f8c-3eb3-b626-38ec2efa379d
|t 0
|
| 952 |
f |
f |
|p normal
|a Texas A&M University
|b College Station
|c Sterling C. Evans Library
|d Evans: Library Stacks
|t 0
|e PR9359.6 .O27 2001
|h Library of Congress classification
|i unmediated -- volume
|m A14827716548
|
| 998 |
f |
f |
|a PR9359.6 .O27 2001
|t 0
|l Evans: Library Stacks
|